| 000 | 00000nam 2200000za 4500 |
| 001 | 9.843374 |
| 003 | CaOODSP |
| 005 | 20230602144840 |
| 007 | cr ||||||||||| |
| 008 | 170912r19871979onc #o f000 0 fre d |
| 040 | |aCaOODSP|bfre |
| 043 | |an-cn--- |
| 086 | 1 |aYM32-1/79-36F-PDF |
| 100 | 1 |aMcKenzie, Helen. |
| 245 | 13|aLa peine capitale au Canada |h[ressource électronique] / |cHelen McKenzie. |
| 260 | |a[Ottawa] : |bBibliothèque du Parlement, Direction de la recherche parlementaire, |c1979, 1987. |
| 300 | |a17 p. |
| 490 | 1 |aBulletin d'actualité ; |v79-36F |
| 500 | |aPubl. aussi en anglais sous le titre : Capital punishment in Canada. |
| 500 | |aTitre de la couv. |
| 500 | |a« Le 19 novembre 1979, revu le 10 juillet 1987 ». |
| 504 | |aComprend des références bibliographiques. |
| 520 | |a« Dans le présent étude, l'auteur examine les arguments à l'appui et à l'encontre du rétablissement de la peine capitale au Canada et il présente un bref historique »--Définition du sujet. |
| 692 | 07|2gccst|aJustice pénale |
| 692 | 07|2gccst|aPolitique gouvernementale |
| 710 | 1 |aCanada.|bBibliothèque du Parlement. |bDirection de la recherche parlementaire. |
| 775 | 08|tCapital punishment in Canada |w(CaOODSP)9.843372 |
| 830 | #0|aBulletin d'actualité ;|v79-36F|w(CaOODSP)9.501180 |
| 856 | 40|qPDF|s86 Ko|uhttps://publications.gc.ca/collections/collection_2017/bdp-lop/YM32-1-79-36-fra.pdf |